Structural, electrical and crystallization kinetic studies in some oxide glasses (Record no. 358178)

MARC details
000 -LEADER
fixed length control field 00538nam a2200205 4500
005 - DATE & TIME
control field 20241105103749.0
008 - FIXED-LENGTH DATA ELEMENTS--GENERAL INFORMATION
fixed length control field 241104b |||||||| |||| 00| 0 eng d
020 ## - ISBN
International Standard Book Number X
Price [n.p.]
040 ## - CATALOGING SOURCE
Original cataloging agency VIVEKANANDA LIBRARY
082 ## - DDC NUMBER
Classification number 533.7
Book Number S61S
100 ## - MAIN ENTRY--PERSONAL NAME
Personal name Suman
245 ## - TITLE STATEMENT
Title Structural, electrical and crystallization kinetic studies in some oxide glasses
260 ## - PUBLICATION, DISTRIBUTION, ETC. (IMPRINT)
Name of publisher, distributor, etc Dept. of Physics, M D University, Rohtak
Date of publication, distribution, etc 2024
300 ## - PHYSICAL DESCRIPTION
Pages viii, 170
650 ## - Subject
Subject Physics
650 ## - Subject
Subject Kinetic
700 ## - Added Entry Personal Name
Added Entry Personal Name Dahiya, Sajjan
942 ## - ADDED ENTRY ELEMENTS (KOHA)
Koha item type Thesis
Holdings
Withdrawn status Lost status Source of classification or shelving scheme Damaged status Not for loan Location (home branch) Sublocation or collection (holding branch) Shelving location Date acquired Koha issues (times borrowed) Koha full call number Accession No. Koha date last seen Copy number Koha item type
    Dewey Decimal Classification     VIVEKANANDA LIBRARY VIVEKANANDA LIBRARY Vivekananda Library 04/11/2024   533.7 S61S 410993 04/11/2024 R Thesis
© Designed and Maintained by Vivekananda Library, MDU Rohtak